000 00750na a2200253 4500
001 15396
003 MIRAKIL
005 20181213155019.0
008 161025b tu 000 0
035 _a15396
040 _aMilas
_btur
_cTR-AnCHP
041 _atur
082 _a923.2 Sözen,N.
_bS79ö 2011
090 _a923.2 Sözen,N. S79ö 2011
100 _aSözen, Nurettin
245 _aDemokrasi tutkusu
_bÖnce insan
_cNurettin Sözen
246 _aÖnce insan
260 _aİstanbul
_b[yayl. y.]
_c2011
300 _a55 s.
_bres.
_c20 sm.
600 _aSözen, Nurettin
_d1937 -
_xYaşamöyküsü
610 _aCHP
_xBelediye başkanları
_yYaşamöyküsü
650 _aTürkiye
_xTarih
_yCHP
_zBelediye başkanları
942 _2ddc
_cBKS
999 _c4820
_d4820